| 000 | 01125cam a22002894a 4500 | ||
|---|---|---|---|
| 001 | 12841630 | ||
| 005 | 20160923112245.0 | ||
| 008 | 020703r20021999maua b 001 0 eng | ||
| 010 | _a 2002027606 | ||
| 020 | _a0674010132 | ||
| 040 |
_aDLC _cDLC _dDLC |
||
| 042 | _apcc | ||
| 050 | 0 | 0 |
_aTK1085 _b.P47 2002 |
| 082 | 0 | 0 |
_aDC 621.31244 _22002 _bP42f |
| 100 | 1 | _aPerlin, John. | |
| 245 | 1 | 0 |
_aFrom space to earth: _bthe story of solar electricity/ _cJohn Perlin. |
| 250 | _a1st Havard University Press edition | ||
| 260 |
_aCambridge, Mass.: _bHarvard University Press, _cc2002. |
||
| 300 |
_axvi, 221 pages: _billustrations; _c24 cm. |
||
| 500 | _aOriginally published: Ann Arbor, MI : Aatec Publications, 1999. | ||
| 504 | _aIncludes bibliographical references and index. | ||
| 650 | 0 |
_aSolar power plants _xHistory. |
|
| 650 | 0 |
_aPhotovoltaic power systems _xHistory. |
|
| 906 |
_a7 _bcbc _corignew _d1 _eocip _f20 _gy-gencatlg |
||
| 942 |
_2ddc _cDC |
||
| 999 |
_c4777 _d4777 |
||